Co Kupujemy w Księgarni - Statystyki

Ogólne statystyki
  • Ten quiz został rozwiązany 65 razy
  • Średni wynik to 4 z 11
Statystyki odpowiedzi
Hint Odpowiedź % Poprawnych
4. Długopis
76%
1. Książkę
76%
2. Zeszyt
76%
3. Ołówek
73%
5. Plecak
31%
6. Komiks
14%
10. Gry Planszowe
12%
8. Słownik
8%
11. Encyklopedię
4%
7. Poradnik
4%
9. Okładki na Książki
0%
Nie znaleziono quizów pasujących do podanych kryteriów
Rozkład punktacji
Procent ludzi z każdym wynikiem
Percentyl według liczby udzielonych odpowiedzi
Twoja historia wyników
Nie rozwiązałeś tego quizu